000 00548nam a2200193 i 4500
001 111462
003 ES-MaACL
005 20230906185315.0
007 t|
008 061121s1969 sp r ||||1| spa d
100 1 _aNájera Saenz, C.
_9216875
245 1 0 _aMétodo Nájera de corte y confección /
_cC. Nájera Sènz.
250 _a2ª ed.
260 _aLogroño :
_b[s.n.],
_c1969 (
_fGrafesa)
300 _a85 p. :
_bil ;
_c29 cm.
650 4 _aCorte y confección.
_9139229
852 _aES-MaACL
_jC-41428
_bR.73537
999 _c111462
_d111462